Beginning Book Titles Quiz Stats

Quiz Updated Mar 12, 2013

Challenge
Share
Tweet
Embed
Score 0/79 Timer 06:00
0 Plays Today
Rest of Title [Author] First Word % Correct
____ Kill a Mockingbird
[Harper Lee]
To
97.8%
____ Potter and the Goblet of Fire [J.K. Rowling]Harry
97.5%
____ of the Flies
[William Golding]
Lord
96.4%
____ and Prejudice
[Jane Austen]
Pride
96.1%
____-22 [Joseph Heller]Catch
95.8%
____ the Wild Things Are [Maurice Sendak]Where
95.5%
____ with the Wind
[Margaret Mitchell]
Gone
95.3%
____ House on the Prairie
[Laura Ingalls Wilder]
Little
95%
____ Mice and Men
[John Steinbeck]
Of
94.9%
____ & Demons [Dan Brown]Angels
94.6%
____ Eggs and Ham [Dr. Seuss]Green
94.2%
____ Flew Over the Cuckoo's Nest [Ken Kesey]One
94.2%
____ Expectations [Charles Dickens]Great
94%
____ and the Chocolate Factory [Roald Dahl]Charlie
93.6%
____ the King's Men
[Robert Penn Warren]
All
93%
____ and Peace [Leo Tolstoy]War
92.8%
____ Web [E.B. White]Charlotte's
92.3%
____ New World [Aldous Huxley]Brave
91.8%
____ Eighty-Four
[George Orwell]
Nineteen
91.8%
____ and Sensibility
[Jane Austen]
Sense
91%
____ Quixote
[Miguel de Cervantes]
Don
90.9%
____ and Punishment
[Fyodor Dostoyevsky]
Crime
90.6%
____ Eyre [Charlotte Brontë]Jane
90.3%
____ Adventures in Wonderland [Louis Carroll]Alice's
90.3%
____ Heights [Emily Brontë]Wuthering
89.1%
____ Dick [Herman Melville]Moby
89.1%
____ Here to Eternity
[James Jones]
From
88.7%
____ Travels [Jonathan Swift]Gulliver's
88.2%
____ Karenina [Leo Tolstoy]Anna
87.1%
____ of Green Gables [Lucy Maud Montgomery]Anne
86.8%
____ Royale [Ian Fleming]Casino
85.7%
____ Hears a Who! [Dr. Seuss]Horton
85.1%
____ Longstocking
[Astrid Lindgren]
Pippi
85%
____ I Lay Dying
[William Faulkner]
As
84.4%
____ Whom the Bell Tolls
[Ernest Hemingway]
For
84%
____ Crusoe [Daniel Defoe]Robinson
83.7%
____ Women [Louisa May Alcott]Little
83.5%
____ Hundred Years of Solitude [Gabriel Garcia Marquez]One
81%
____ 451 [Ray Bradbury]Farenheit
80.6%
____, Tailor, Soldier, Spy
[John Le Carre]
Tinker
79.3%
Rest of Title [Author] First Word % Correct
____ Tell It on the Mountain [James Baldwin]Go
76.8%
____ Chatterley's Lover
[D.H. Lawrence]
Lady
75.1%
____ Lost [John Milton]Paradise
73.2%
____ Men in a Boat
[Jerome K. Jerome]
Three
72.8%
____ Shrugged [Ayn Rand]Atlas
72.5%
____ Bovary [Gustave Flaubert]Madame
71.8%
____-Five [Kurt Vonnegut]Slaughterhouse
71.5%
____ Case of Dr.Jekyll and Mr. Hyde [Robert Louis Stevenson]Strange
68.8%
____ of Darkness
[Joseph Conrad]
Heart
67.7%
____ in a Strange Land
[Robert Heinlein]
Stranger
67%
____ Search of Lost Time [Marcel Proust]In
64.9%
____ Eyes Were Watching God [Zora Neale Hurston]Their
62.4%
____ of Cancer [Henry Miller]Tropic
61.9%
____ for Godot
[Samuel Beckett]
Waiting
58.7%
____ Fall Apart [Chinua Achebe]Things
49.4%
____, Absalom!
[William Faulkner]
Absalom
46.6%
____ Man [Ralph Ellison]Invisible
45.3%
____ Without Women
[Ernest Hemingway]
Men
39.4%
____ Is the Night
[F. Scott Fitzgerald]
Tender
38.4%
____ and Lovers
[D.H. Lawrence]
Sons
37.6%
____ Comes for the Archbishop [Willa Cather]Death
36.6%
____ and the Purple Crayon [Crockett Johnson]Harold
35.4%
____ Down, Moses
[William Faulkner]
Go
33.8%
____ Sargasso Sea [Jean Rhys]Wide
30.2%
____ of Gilgamesh [Anonymous]Epic
28.8%
____ and Zooey [J.D. Salinger]Franny
26.3%
____ Is Rich [John Updike]Rabbit
25.1%
____ Characters in Search of an Author [Luigi Pirandello]*Six
21.6%
____ Road [Richard Yates]Revolutionary
21.5%
____ Homeward, Angel
[Thomas Wolfe]
Look
18.5%
____ Rainbow
[Thomas Pynchon]
Gravity's
16.9%
____ the Volcano
[Malcolm Lowry]
Under
16.2%
____ of All Flesh [Samuel Butler]Way
13.1%
____ Pastoral [Philip Roth]American
11.9%
____ at Noon [Arthur Koestler]Darkness
9.6%
____ the Rain King [Saul Bellow]Henderson
5.2%
____ in Samarra [John O'Hara]Appointment
4.9%
____ of the Red Chamber
[Cao Xueqin]
Dream
3%
____ from the Toolroom
[Nevil Shute]
Trustee
2.2%

You're not logged in!

Compare scores with friends on all Sporcle quizzes.
Sign Up with Email
OR
Log In

You Might Also Like...

Show Comments

Extras

Top Quizzes Today


Score Distribution

Your Account Isn't Verified!

In order to create a playlist on Sporcle, you need to verify the email address you used during registration. Go to your Sporcle Settings to finish the process.